Entry Topical Term
Number of records used in: 1
001 - CONTROL NUMBER
003 - CONTROL NUMBER IDENTIFIER
005 - DATE AND TIME OF LATEST TRANSACTION
- control field:
20260413161109.0
008 - FIXED-LENGTH DATA ELEMENTS
- fixed length control field:
260413|| aca||aabn | a|a d
040 ## - CATALOGING SOURCE
- Original cataloging agency:
JRU
- Transcribing agency:
JRU
150 ## - HEADING--TOPICAL TERM
- Topical term or geographic name as entry element:
Library operations
670 ## - SOURCE DATA FOUND
- Source citation:
Work cat.: (JRU)4507: Berkman, Robert I and shumway, Chirstopler A 3100, Digital Delemmas, 2005